| 000 | 00718nam a22002417a 4500 | ||
|---|---|---|---|
| 003 | UA-OsUOA | ||
| 001 | 76829 | ||
| 007 | ta | ||
| 008 | 20110825b un ||||| |||| 00| 0 ukr d | ||
| 090 |
_a(031) 340 _bЮ70 |
||
| 942 | _cBK | ||
| 040 |
_aUA-OsUOA _brus _cUA-OsUOA _dUA-OsUOA |
||
| 245 | _aЮридическая энциклопедия | ||
| 300 | _a241 с. | ||
| 955 | _a0 | ||
| 041 | _arus | ||
| 080 | _a(031) 340 | ||
| 020 | _a5-900456-03-Х | ||
| 260 |
_aМ. _bЮринформцентр _c1993 |
||
| 250 | _nизд. 2, с изм. и доп. | ||
| 650 | 7 |
_a340 Право в цілому. Пропедевтика. Методи та допоміжні правничі науки _2UDC |
|
| 999 |
_c363128 _d363128 |
||